| 000 | 00778nac a22002171u 4500 | ||
|---|---|---|---|
| 010 | _a 64016906 | ||
| 035 | _a(OCoLC)577589 | ||
| 082 |
_a620.112 _bMCC |
||
| 090 |
_c6467 _d6467 |
||
| 100 | _aMcClintock, Frank A., | ||
| 245 | 1 | 0 |
_aMechanical behavior of materials. _cFrank A. McClintock and Ali S. Argon, editors. [Contributors]: Ali S. Argon [and others] |
| 260 |
_aReading, Mass., _bAddison-Wesley Pub. Co.[1966] _c[1966] |
||
| 300 |
_axiv, 770 p. _billus. _c24 cm. |
||
| 490 | 0 |
_aAddison-Wesley series in metallurgy and materials, _v4545 |
|
| 500 | _adistributer: Al-Aram | ||
| 504 | _aIncludes bibliographies. | ||
| 511 | _acatalogued by: wessam | ||
| 650 | 0 | _aMaterials. | |
| 700 | 1 | _aArgon, Ali S., | |
| 942 |
_cBB _k620.112MCC |
||
| 999 |
_c6467 _d6467 |
||